[Event "GER-chT U12"]
[Site "Verden an der Aller"]
[Date "2006.12.28"]
[Round "4.3"]
[White "Cofman, Veaceslav"]
[Black "De Silva, Daniel"]
[Result "1-0"]
[WhiteElo "1684"]
[BlackElo "1061"]
[PlyCount "50"]
[EventDate "2006.12.27"]
[EventType "team-swiss"]
[EventRounds "7"]
[EventCountry "GER"]
[SourceTitle "EXT 2008"]
[Source "ChessBase"]
[SourceDate "2007.11.25"]
[SourceVersion "1"]
[SourceVersionDate "2007.11.25"]
[SourceQuality "1"]
[WhiteTeam "Karlsruhe 1853 U12"]
[BlackTeam "Hohenlimburg Turm U12"]
[WhiteTeamCountry "GER"]
[BlackTeamCountry "GER"]

1. d4 d5 2. c4 e6 3. Nc3 Ne7 4. e3 g6 5. Nf3 Bg7 6. Bd3 0-0 7. b3 Nbc6 8. Ba3 Bd7 9. cxd5 exd5 10. 0-0 Re8 11. Rc1 a6 12. Re1 Bg4 13. h3 Bxf3 14. Qxf3 Bh6 15. Rc2 Bg7 16. Na4 Bxd4 17. exd4 Nxd4 18. Qf6 Nef5 19. Qxd8 Raxd8 20. Rxe8+ Rxe8 21. Rxc7 h5 22. Bxf5 Nxf5 23. Bb2 Rd8 24. Bf6 Rd6 25. Rc8+ Kh7 1-0

[Event "GER-chT U12"]
[Site "Verden an der Aller"]
[Date "2006.12.27"]
[Round "1.3"]
[White "De Silva, Daniel"]
[Black "Diyap, Murat"]
[Result "1-0"]
[WhiteElo "1061"]
[BlackElo "1007"]
[PlyCount "67"]
[EventDate "2006.12.27"]
[EventType "team-swiss"]
[EventRounds "7"]
[EventCountry "GER"]
[SourceTitle "EXT 2008"]
[Source "ChessBase"]
[SourceDate "2007.11.25"]
[SourceVersion "1"]
[SourceVersionDate "2007.11.25"]
[SourceQuality "1"]
[WhiteTeam "Hohenlimburg Turm U12"]
[BlackTeam "Frankfurt TV U12"]
[WhiteTeamCountry "GER"]
[BlackTeamCountry "GER"]

1. e4 e5 2. Nf3 Nc6 3. Bc4 Bc5 4. Nc3 Nf6 5. d3 h6 6. 0-0 0-0 7. Be3 Bb6 8. Bb5 d6 9. Bxc6 bxc6 10. Bxb6 axb6 11. d4 exd4 12. Nxd4 c5 13. Nde2 Re8 14. Ng3 Bb7 15. Re1 Re6 16. Re3 Qd7 17. Qe2 Rae8 18. Rd1 Qd8 19. e5 Nh7 20. Nf5 Qg5 21. g4 Rxe5 22. Rxe5 Rxe5 23. Qd3 c4 24. Qg3 Nf6 25. f4 Nh5 26. fxg5 Nxg3 27. Nxg3 Rxg5 28. Rd4 d5 29. Nf5 c5 30. Rf4 h5 31. h3 g6 32. Nh6+ Kg7 33. Nxf7 hxg4 34. Nxg5 1-0

[Event "GER-chT U12"]
[Site "Verden"]
[Date "2005.12.27"]
[Round "1.4"]
[White "Hoeger, Bastian"]
[Black "De Silva, Daniel"]
[Result "1-0"]
[WhiteElo "1191"]
[BlackElo "1063"]
[PlyCount "147"]
[EventDate "2005.12.27"]
[EventType "team-swiss"]
[EventRounds "7"]
[EventCountry "GER"]
[SourceTitle "CBM 110 Extra"]
[Source "ChessBase"]
[SourceDate "2006.03.10"]
[SourceVersion "2"]
[SourceVersionDate "2006.03.10"]
[SourceQuality "1"]

1. c4 e5 2. Nc3 Nc6 3. d3 Nf6 4. g3 Bc5 5. Bg2 d6 6. Nf3 0-0 7. 0-0 h6 8. a3 a5 9. Bd2 Bf5 10. Rb1 e4 11. dxe4 Nxe4 12. Nxe4 Bxe4 13. Rc1 b6 14. Bc3 Na7 15. Bd4 Bxd4 16. Qxd4 Re8 17. e3 Re6 18. Ng5 Qxg5 19. Bxe4 Qc5 20. Qxc5 bxc5 21. Bxa8 c6 22. b4 axb4 23. axb4 Re8 24. Bb7 Rb8 25. bxc5 dxc5 26. Bxc6 Nxc6 27. Rfd1 Na5 28. Rb1 Rc8 29. Rb5 Nxc4 30. Rc1 Nd2 31. Rbxc5 Nf3+ 32. Kg2 Rxc5 33. Rxc5 Ne1+ 34. Kf1 Nd3 35. Rc8+ Kh7 36. Rd8 Ne5 37. f4 Ng4 38. e4 Nxh2+ 39. Kg2 Ng4 40. e5 Ne3+ 41. Kf3 Nc4 42. Ke4 g6 43. g4 Na5 44. f5 Kg7 45. Rd7 gxf5+ 46. Kxf5 Nc4 47. Ra7 Ne3+ 48. Kf4 Nd5+ 49. Ke4 Nc3+ 50. Kf5 Nb5 51. Ra1 Nd4+ 52. Ke4 Nc2 53. Rg1 Nb4 54. Kd4 Nc6+ 55. Kd5 Nb4+ 56. Kd6 Nd3 57. Rf1 Nb2 58. Ke7 Nd3 59. Rxf7+ Kg6 60. e6 Ne5 61. Rf1 Nxg4 62. Rg1 Kh5 63. Rxg4 Kxg4 64. Kd7 Kh3 65. e7 Kh2 66. e8Q Kh1 67. Qh5+ Kg1 68. Qxh6 Kf1 69. Qh2 Ke1 70. Kd6 Kd1 71. Kd5 Ke1 72. Ke4 Kf1 73. Kf3 Ke1 74. Qe2# 1-0